000 00323nam a2200133Ia 4500
008 151001s9999||||xx |||||||||||||| ||und||
100 _aअरुण शेवते
245 _aकालिंदी
250 _a1
260 _bग्रंथाली
260 _c1999
300 _a64
365 _b21
999 _c980467
_d980464